Eros y civilización

Eros y civilización parte de la tesis sustentada por Freud - particularmente en el malestar en la cultura - de que la civilización necesita una rígida restricción del principio del placer.

Gardado en:
Detalles Bibliográficos
Autor Principal: Marcuse, Herbert
Formato: Libro
Idioma:Spanish
Publicado: Barcelona: Editorial Ariel, 1995
Edición:3 ed.
Series:Colección Ariel; No. 27
Subjects:
Acceso en liña:Enlace del recurso
Tags: Engadir etiqueta
Sen Etiquetas, Sexa o primeiro en etiquetar este rexistro!

MARC

LEADER 00000nam a2200000 a 4500
001 001064
008 030606s1995 sp # fr# #000|0#spa#d
020 |a 84-334-1026-5 
041 0 |a spa 
043 |a e-sp--- 
082 0 4 |a 150.1952  |b M161e 
100 1 |a Marcuse, Herbert 
245 1 0 |a Eros y civilización   |c Herbert Marcuse 
250 |a 3 ed. 
260 |a Barcelona:  |b Editorial Ariel,  |c 1995 
300 |a 253 p. 
440 0 |a Colección Ariel;  |v No. 27 
520 3 |a Eros y civilización parte de la tesis sustentada por Freud - particularmente en el malestar en la cultura - de que la civilización necesita una rígida restricción del principio del placer. 
534 |p Título original:  |t Eros and civilization : a philosophical inquiry into Freud 
600 1 |a FREUD, SIGMUND 
650 1 4 |a REPRESIÓN (PSICOLOGÍA) 
999 |c 3216  |d 3216 
856 |u https://catalogo.idep.edu.co/cgi-bin/koha/opac-detail.pl?biblionumber=3216  |z Enlace del recurso